Taking a long look : (Record no. 1308945)
[ view plain ]
| 000 -LEADER | |
|---|---|
| fixed length control field | 01938nam a22002537a 4500 |
| 005 - DATE AND TIME OF LATEST TRANSACTION | |
| control field | 20250530154731.0 |
| 008 - FIXED-LENGTH DATA ELEMENTS--GENERAL INFORMATION | |
| fixed length control field | 250414b |||||||| |||| 00| 0 eng d |
| 020 ## - INTERNATIONAL STANDARD BOOK NUMBER | |
| International Standard Book Number | 9781788739771 |
| 040 ## - CATALOGING SOURCE | |
| Transcribing agency | SDCL |
| 041 ## - LANGUAGE CODE | |
| Source of code | eng |
| Language code of text/sound track or separate title | eng |
| 084 ## - COLON CLASSIFICATION NUMBER | |
| Classification number | Y:1.1'P R1 |
| 100 ## - MAIN ENTRY--PERSONAL NAME | |
| Personal name | Gornick, Vivian |
| 9 (RLIN) | 612932 |
| 245 ## - TITLE STATEMENT | |
| Title | Taking a long look : |
| Remainder of title | Essays on culture, literature and feminism in our time |
| 260 ## - PUBLICATION, DISTRIBUTION, ETC. | |
| Place of publication, distribution, etc. | London : |
| Name of publisher, distributor, etc. | Bloomsbury, |
| Date of publication, distribution, etc. | 2021. |
| 300 ## - PHYSICAL DESCRIPTION | |
| Extent | xi,288p. |
| 520 ## - SUMMARY, ETC. | |
| Summary, etc. | For nearly fifty years, Vivian Gornick’s essays, written with her characteristic clarity of perception and vibrant prose, have explored feminism and writing, literature and culture, politics and personal experience. Drawing writing from the course of her career, All That is Given illuminates one of the driving themes behind Gornick’s work: that the painful process of understanding one's self is what binds us to the larger world.<br/><br/>In these essays, Gornick explores the lives and literature of Alfred Kazin, Mary McCarthy, Diana Trilling, Philip Roth, Joan Didion, and Herman Melville; the cultural impact of Silent Spring and Uncle Tom’s Cabin; and the characters you might only find in a New York barber shop or midtown bus terminal. Even more, All That Is Given brings back into print her incendiary essays, first published in the Village Voice, championing the emergence of the women’s liberation movement of the 1970s.<br/><br/>Alternately crackling with urgency or lucid with insight, the essays in All That Is Given demonstrate one of America’s most beloved critics at her best. |
| 650 ## - SUBJECT ADDED ENTRY--TOPICAL TERM | |
| Topical term or geographic name entry element | Feminism, Literature -- History and criticism |
| 9 (RLIN) | 811258 |
| 650 ## - SUBJECT ADDED ENTRY--TOPICAL TERM | |
| Topical term or geographic name entry element | Biography & Autobiography / Personal Memoirs |
| 9 (RLIN) | 811245 |
| 650 ## - SUBJECT ADDED ENTRY--TOPICAL TERM | |
| Topical term or geographic name entry element | Literary Collections / Essays |
| 9 (RLIN) | 811246 |
| 650 ## - SUBJECT ADDED ENTRY--TOPICAL TERM | |
| Topical term or geographic name entry element | Social Science / Feminism & Feminist Theory |
| 9 (RLIN) | 811259 |
| 650 ## - SUBJECT ADDED ENTRY--TOPICAL TERM | |
| Topical term or geographic name entry element | Social Science / Popular Culture, Culture |
| 9 (RLIN) | 811260 |
| 942 ## - ADDED ENTRY ELEMENTS (KOHA) | |
| Source of classification or shelving scheme | Colon Classification (CC) |
| Koha item type | Textual |
| Suppress in OPAC | No |
| Withdrawn status | Lost status | Source of classification or shelving scheme | Damaged status | Not for loan | Home library | Current library | Date acquired | Source of acquisition | Inventory number | Total Checkouts | Full call number | Barcode | Date last seen | Price effective from | Koha item type |
|---|---|---|---|---|---|---|---|---|---|---|---|---|---|---|---|
| Colon Classification (CC) | South Campus Library | South Campus Library | 2025-04-14 | Excel Media | 6398, 02/12/2024, UKP 16.99 | Y:1.1'P R1 | SC1690634 | 2025-04-14 | 2025-04-14 | Textual |
